[Event "Krokustoernooi"]
[Site "KGSRL"]
[Date "2015.02.21"]
[Round "2.3"]
[White "De Weird, Matthias"]
[Black "De Vleeschouwer, Erik"]
[Result "1-0"]
[WhiteElo "1873"]
[BlackElo "1193"]
[Annotator "junioren"]
[PlyCount "49"]
[EventDate "2015.??.??"]

1. e4 e5 2. f4 Nc6 3. Nf3 d6 4. Bb5 Bd7 5. O-O Qe7 6. Nc3 O-O-O 7. Nd5 Qe8 8.
c3 Nf6 9. Nxf6 gxf6 10. f5 Qe7 11. d3 d5 12. exd5 Qc5+ 13. d4 Qxd5 14. c4 Qd6
15. d5 Bxf5 16. Be3 Qe7 17. Bxc6 bxc6 18. Qa4 Kd7 19. Qxc6+ Kc8 20. c5 Qe8 21.
Qa8+ Kd7 22. Qxa7 Ra8 23. c6+ Kd8 24. Qxa8+ Ke7 25. Bc5# 1-0

[Event "Krokustoernooi"]
[Site "KGSRL"]
[Date "2015.02.21"]
[Round "2.4"]
[White "Vincent, Ayla"]
[Black "Demey, Robbe"]
[Result "1-0"]
[WhiteElo "1629"]
[BlackElo "1774"]
[Annotator "junioren"]
[PlyCount "41"]
[EventDate "2015.??.??"]

1. e4 Nf6 2. e5 Nd5 3. c4 Nb6 4. d4 d6 5. f4 dxe5 6. fxe5 c5 7. d5 g6 8. Nf3
Bg7 9. Be2 O-O 10. O-O Bg4 11. Bf4 e6 12. d6 Nc6 13. Nbd2 Nd7 14. Ne4 Bxf3 15.
Rxf3 Ncxe5 16. Rh3 f6 17. Qd2 Nf7 18. Rf1 b6 19. Be3 Nde5 20. b3 Nxd6 21. Qxd6
1-0

[Event "Krokustoernooi"]
[Site "KGSRL"]
[Date "2015.02.21"]
[Round "2.5"]
[White "Lachaert, Tibo"]
[Black "Vandewiele, Emiel"]
[Result "0-1"]
[WhiteElo "1534"]
[BlackElo "1912"]
[Annotator "junioren"]
[PlyCount "72"]
[EventDate "2015.??.??"]

1. e4 b6 2. d4 Bb7 3. Nc3 e6 4. Bd3 Nf6 5. f3 c5 6. dxc5 Bxc5 7. Nge2 h6 8. Bf4
Nh5 9. Bg3 Nxg3 10. hxg3 Nc6 11. Qd2 a6 12. g4 b5 13. g5 Qb6 14. Nd1 h5 15. Nf4
O-O-O 16. Be2 Be7 17. g6 Bg5 18. Kf1 f6 19. Nf2 e5 20. Nd5 Qxf2+ 21. Kxf2 Bxd2
22. Rhd1 Bb4 23. Rac1 Bc5+ 24. Kf1 Nd4 25. c4 b4 26. Rd3 Bxd5 27. cxd5 d6 28.
a3 a5 29. f4 Kd7 30. f5 bxa3 31. bxa3 Rb8 32. Rdd1 Nxe2 33. Kxe2 Rb2+ 34. Rd2
Rxd2+ 35. Kxd2 Bxa3 36. Rb1 Bb4+ 0-1

[Event "Krokustoernooi"]
[Site "KGSRL"]
[Date "2015.02.21"]
[Round "2.6"]
[White "Vincent, Gwijde"]
[Black "Van Autreve, David"]
[Result "1/2-1/2"]
[WhiteElo "1820"]
[BlackElo "1572"]
[Annotator "junioren"]
[PlyCount "66"]
[EventDate "2015.??.??"]

1. e4 Nc6 2. Nf3 f5 3. e5 e6 4. d4 d5 5. Bb5 Bd7 6. b3 a6 7. Bxc6 Bxc6 8. O-O
Be7 9. Nc3 Qd7 10. Ng5 g6 11. Ne2 h6 12. Nf3 g5 13. h3 b6 14. Nh2 h5 15. g3
O-O-O 16. Nf3 g4 17. Ng5 Nh6 18. f4 gxh3 19. Nxh3 Ng4 20. Qd3 Bb7 21. Nf2 Rh7
22. Nxg4 hxg4 23. Bd2 Rdh8 24. Kf2 c5 25. c3 b5 26. Be3 c4 27. Qc2 Rh2+ 28. Ke1
Rg2 29. Rg1 Rxg1+ 30. Bxg1 Rh1 31. Kf2 Bd8 32. Rf1 Qh7 33. b4 33... a5 {=}
1/2-1/2

[Event "Krokustoernooi"]
[Site "KGSRL"]
[Date "2015.02.21"]
[Round "3.1"]
[White "Smekens, Ruben"]
[Black "De Weird, Matthias"]
[Result "1-0"]
[WhiteElo "2045"]
[BlackElo "1873"]
[Annotator "junioren"]
[PlyCount "49"]
[EventDate "2015.??.??"]

1. d4 d5 2. c4 e5 3. dxe5 d4 4. Nf3 Nc6 5. g3 Nge7 6. Bg2 Ng6 7. O-O Bg4 8. b3
Qd7 9. Bb2 O-O-O 10. Na3 Bxa3 11. Bxa3 Ngxe5 12. Nxe5 Nxe5 13. Qd2 d3 14. exd3
Qf5 15. Qe3 Rxd3 16. Qxa7 Nf3+ 17. Kh1 Qh5 18. h4 Nxh4 19. Qxb7+ Kd8 20. gxh4
Qxh4+ 21. Kg1 Re8 22. Qa8+ Kd7 23. Bc6+ Ke6 24. Qxe8+ Kf6 25. Be7+ 1-0

[Event "Krokustoernooi"]
[Site "KGSRL"]
[Date "2015.02.21"]
[Round "3.2"]
[White "Vincent, Ayla"]
[Black "Sterck, Arno"]
[Result "0-1"]
[WhiteElo "1629"]
[BlackElo "1963"]
[Annotator "junioren"]
[PlyCount "90"]
[EventDate "2015.??.??"]

1. e4 c5 2. Nf3 d6 3. d4 cxd4 4. Nxd4 Nf6 5. Nc3 a6 6. Be2 e5 7. Nb3 Be7 8. Be3
Be6 9. Nd5 Nbd7 10. f3 O-O 11. O-O b5 12. a4 Bxd5 13. exd5 Nb6 14. axb5 Nbxd5
15. Bf2 axb5 16. Bxb5 Qc7 17. Bd3 Nb4 18. Qd2 d5 19. c3 Nxd3 20. Qxd3 e4 21.
fxe4 dxe4 22. Qc2 Ng4 23. Bg3 Qb6+ 24. Nd4 Ne3 25. Qxe4 Nxf1 26. Rxa8 Nxg3 27.
hxg3 Qxb2 28. Rxf8+ Bxf8 29. Qd3 g6 30. Nf3 Qc1+ 31. Kf2 h5 32. Qd2 Bc5+ 33.
Ke2 Qxd2+ 34. Nxd2 f5 35. c4 Kf7 36. Kf3 g5 37. Nb3 Bf8 38. Nc1 Ke6 39. Nd3 Bd6
40. Kf2 g4 41. Nf4+ Bxf4 42. gxf4 h4 43. Ke3 Kd6 44. Kf2 Kc5 45. g3 hxg3+ 0-1

[Event "Krokustoernooi"]
[Site "KGSRL"]
[Date "2015.02.21"]
[Round "3.3"]
[White "Vandewiele, Emiel"]
[Black "Phlips, Ewout"]
[Result "1-0"]
[WhiteElo "1912"]
[BlackElo "1366"]
[Annotator "junioren"]
[PlyCount "49"]
[EventDate "2015.??.??"]

1. d4 d5 2. e3 Nf6 3. Bd3 Nc6 4. f4 Ne4 5. Bxe4 dxe4 6. c4 e6 7. Nc3 Bd6 8.
Nxe4 f6 9. Nf3 Qe7 10. c5 e5 11. cxd6 cxd6 12. dxe5 dxe5 13. Nd6+ Kf8 14. fxe5
Nxe5 15. Nxe5 Qxe5 16. Nc4 Qc7 17. b3 b5 18. Ba3+ Ke8 19. Nd6+ Kd8 20. O-O Ba6
21. Qd5 Rb8 22. Rfd1 Rf8 23. Rac1 Qb6 24. Nf5+ Ke8 25. Nxg7# 1-0

[Event "Krokustoernooi"]
[Site "KGSRL"]
[Date "2015.02.21"]
[Round "3.4"]
[White "De Vleeschouwer, Erik"]
[Black "Harutyunyan, Axel"]
[Result "0-1"]
[WhiteElo "1193"]
[BlackElo "1826"]
[Annotator "junioren"]
[PlyCount "50"]
[EventDate "2015.??.??"]

1. e4 c5 2. Nc3 g6 3. Bc4 Bg7 4. Nf3 e6 5. d3 a6 6. Be3 Qc7 7. Qd2 Ne7 8. O-O-O
b5 9. Bb3 Bb7 10. a3 d5 11. exd5 exd5 12. Bf4 Qa5 13. Be5 O-O 14. Bxg7 Kxg7 15.
Rhe1 Nbc6 16. Qe3 d4 17. Qg5 dxc3 18. Rxe7 cxb2+ 19. Kxb2 Nxe7 20. Qxe7 Bxf3
21. gxf3 Qb6 22. Qe3 Rae8 23. Qd2 Qf6+ 24. c3 Qxf3 25. Rg1 Re2 0-1

[Event "Krokustoernooi"]
[Site "KGSRL"]
[Date "2015.02.21"]
[Round "3.5"]
[White "Van Laeken, Jonathan"]
[Black "Vincent, Gwijde"]
[Result "1-0"]
[WhiteElo "1839"]
[BlackElo "1820"]
[Annotator "junioren"]
[PlyCount "117"]
[EventDate "2015.??.??"]

1. d4 d5 2. c4 c6 3. Nf3 e6 4. cxd5 exd5 5. Nc3 Be7 6. Bf4 Nf6 7. e3 O-O 8. Bd3
b6 9. Qc2 Ba6 10. Ne5 Bxd3 11. Qxd3 Qc8 12. h3 Bb4 13. O-O Nbd7 14. Rfc1 Nxe5
15. Bxe5 Qe6 16. a3 Bd6 17. Bxd6 Qxd6 18. b4 Rfc8 19. Ne2 Ne4 20. Rc2 a5 21. b5
c5 22. dxc5 bxc5 23. Rd1 Rd8 24. a4 Rab8 25. Nf4 Nf6 26. Qd2 Qb6 27. Qc3 Rbc8
28. Qe5 Qc7 29. Qxc7 Rxc7 30. Rdc1 c4 31. Ne2 Nd7 32. e4 Nb6 33. Rd1 Rcd7 34.
Rcd2 dxe4 35. Rxd7 Rxd7 36. Rxd7 Nxd7 37. Nc3 f5 38. Kf1 Nb6 39. Ke2 Kf7 40.
Ke3 Ke6 41. Kd4 Kd6 42. h4 h5 43. f3 exf3 44. gxf3 Nd7 45. Nd5 Ne5 46. f4 c3
47. fxe5+ Ke6 48. Nxc3 g5 49. hxg5 h4 50. Ne2 h3 51. Ng3 f4 52. Nh1 Kf5 53. b6
Kg4 54. Nf2+ Kg3 55. Nxh3 Kxh3 56. b7 f3 57. b8=Q f2 58. Qf8 Kg2 59. Qxf2+ 1-0

[Event "Krokustoernooi"]
[Site "KGSRL"]
[Date "2015.02.21"]
[Round "3.6"]
[White "Van Autreve, David"]
[Black "Lachaert, Tibo"]
[Result "1/2-1/2"]
[WhiteElo "1572"]
[BlackElo "1534"]
[Annotator "junioren"]
[PlyCount "38"]
[EventDate "2015.??.??"]

1. d4 d5 2. c4 c6 3. Nf3 Nf6 4. Nc3 e6 5. Bg5 Be7 6. cxd5 exd5 7. e3 Bg4 8. Be2
O-O 9. Nd2 Bf5 10. f4 Nbd7 11. O-O Re8 12. g4 Be4 13. Bxf6 Bxf6 14. Ncxe4 dxe4
15. g5 Bxg5 16. fxg5 Qxg5+ 17. Kf2 Qh4+ 18. Kg2 Qg5+ 19. Kf2 19... Qh4+ {=}
1/2-1/2